000 00387 a2200145 4500
005 20250617171349.0
020 _a978-1-84928-823-1
082 _a005.8 CAL
100 _aCALDER ,A.
245 _aNine Step to Success: An ISO2001:2013 Implementation Overview.
250 _a3rd Ed.
260 _aCambridgeshine,
_bIct Governance,
_c2016.
300 _ax,126p.:
_c22cm.
942 _2ddc
_cBKS
999 _c174
_d174